Länder nach Nachbarhauptstädten - Statistiken

Allgemein
  • Dieses Quiz wurde 108 mal gespielt
  • Das Durchschnittsergebnis liegt bei 16 aus 20
Antwortstatistiken
Nachbarhauptstädte Land % Korrekt
Athen, Podgorica, Pristina, Skopje Albanien
100%
Kiew, Moskau, Riga, Vilnius, Warschau Belarus
100%
Amsterdam, Berlin, Luxemburg, Paris Belgien
100%
Astana, Bischkek, Duschanbe, Hanoi, Islamabad, Kabul, Kathmandu, Moskau, Naypyidaw, Neu-Delhi, Pjöngjang, Thimphu, Ulaanbaatar, Vientiane China
100%
Berlin Dänemark
100%
Addis Abeba, Dschibuti, Khartum, Eritrea
100%
London Irland
100%
Brasilia, Caracas, Lima, Panama-Stadt, Quito Kolumbien
100%
Bern, Wien Liechtenstein
100%
Belmopan, Guatemala-Stadt, Washington D.C. Mexiko
100%
Paris Monaco
100%
Bloemfontein/Kapstadt/Pretoria, Dodoma, Harare, Lilongwe, Lusaka, Mbabane Mosambik
100%
Moskau, Peking, Seoul Nordkorea
100%
Jakarta Osttimor | Papua-Neuguinea
100%
Madrid Portugal
100%
Belgrad, Budapest, Chisinau, Kiew, Sofia Rumänien
100%
Astana, Baku, Helsinki, Kiew, Minsk, Oslo, Peking, Pjöngjang, Riga, Tallinn, Tiflis, Ulaanbaatar, Vilnius, Warschau Russland
100%
Rom San Marino | Vatikanstadt
100%
Helsinki, Oslo Schweden
100%
Budapest, Rom, Wien, Zagreb Slowenien
100%
Pjöngjang Südkorea
100%
Bratislava, Bukarest, Budapest, Chisinau, Minsk, Mosckau, Warschau Ukraine
100%
Amsterdam, Bern, Brüssel, Kopenhagen, Luxemburg, Paris, Prag, Wien, Warschau Deutschland
94%
Andorra la Vella, Lissabon, London, Paris, Rabat Spanien
94%
Moskau, Peking Mongolei
93%
Bamako, Niamey, Nouakchott, Rabat, Tripolis, Tunis Algerien
92%
Managua, Panama-Stadt Costa Rica
92%
Moskau, Riga Estland
92%
Amman, Ankara, Damaskus, Kuwait-Stadt, Riad, Teheran, Irak
92%
Amman, Beirut, Kairo, Damaskus Israel
92%
Astana, Duschanbe, Peking, Taschkent Kirgisistan
92%
Helsinki, Moskau, Stockholm Norwegen
92%
Kabul, Neu-Delhi, Peking, Teheran Pakistan
92%
Brasilia, Buenos Aires, La Paz/Sucre Paraguay
92%
Berlin, Bratislava, Kiew, Minsk, Moskau, Prag, Vilnius Polen
92%
Maskat, Riad Vereinigte Arabische Emirate | Jemen
92%
Buenos Aires, La Paz/Sucre, Lima Chile
91%
Moskau, Oslo, Stockholm Finnland
91%
Ankara, Baku, Moskau, Jerewan Georgien
91%
Bern, Ljubljana, Paris, San Marino, Vatikanstadt, Wien Italien
91%
Berlin, Bratislava, Wien, Warschau Tschechien
91%
Dublin, Madrid Vereinigtes Königreich
91%
Port-au-Prince Dominikanische Republik
90%
Andorra la Vella, Berlin, Bern, Brasilia, Brüssel, Luxemburg, Madrid, Monaco, Paramaribo, Rom Frankreich
90%
Minsk, Moskau, Riga, Warschau Litauen
90%
Athen, Bagdad, Baku, Damaskus, Sofia, Tiflis, Teheran, Jerewan Türkei
90%
Neu-Delhi, Peking Bhutan | Nepal
89%
Abuja, Lome, Niamey, Ouagadougou Benin
88%
Dakar Gambia
88%
Bangkok, Hanoi, Vientiane Kambodscha
88%
Washington D.C. Kanada
88%
Algier, Madrid, Nouakchott Marokko
88%
Berlin, Brüssel Niederlande
88%
Berlin, Bern, Bratislava, Budapest, Ljubljana, Prag, Rom, Vaduz Österreich
88%
Bogota, San Jose Panama
88%
Mexiko-Stadt, Ottawa Vereinigte Staaten
88%
Bagdad, Damaskus, Jerusalem, Riad Jordanien
87%
Ankara, Athen, Belgrad, Bukarest, Podgorica Bulgarien
86%
Abu Dhabi, Amman, Bagdad, Doha, Kuwait-Stadt, Maskat, Sanaa Saudi-Arabien
86%
Addis Abeba, Asmara, Bangui, Kairo, Juba, N'Djamena, Tripolis Sudan
86%
Brasilia, Buenos Aires Uruguay
86%
Bandar Seri Begawan, Bangkok, Jakarta Malaysia
85%
Abuja, Algier, Bamako, Cotonou/Porto-Novo, N'Djamena, Ouagadougou, Tripolis Niger
85%
Madrid, Paris Andorra
83%
Belgrad, Podgorica, Zagreb Bosnien und Herzegowina
83%
Berlin, Brüssel, Paris Luxemburg
83%
Bukarest, Budapest, Podgorica, Pristina, Sarajevo, Skopje, Sofia, Zagreb Serbien
83%
Bischkek, Kabul, Peking, Taschkent Tadschikistan
83%
Astana, Kabul, Taschkent, Teheran Turkmenistan
83%
San Jose, Tegucigalpa Nicaragua
82%
Kuala Lumpur, Naypyidaw, Phnom Penh, Vientiane Thailand
82%
Ankara, Moskau, Tiflis, Teheran, Jerewan Aserbaidschan
81%
Belgrad, Budapest, Ljubljana, Podgorica, Sarajevo Kroatien
81%
Asuncion, Brasilia, La Paz/Sucre, Montevideo, Santiago Argentinien
80%
Addis Abeba, Asmara, Mogadishu Dschibuti
80%
Ankara, Aschgabat, Bagdad, Baku, Islamabad, Kabul, Jerewan Iran
80%
Aschgabat, Bischkek, Moskau, Peking, Taschkent Kasachstan
80%
Berlin, Paris, Rom, Vaduz, Wien Schweiz
80%
Brasilia, Georgetown, Paris Suriname
80%
Bogota, Brasilia, Georgetown Venezuela
80%
Peking, Phnom Penh, Vientiane Vietnam
80%
Caracas, Asuncion, Bogota, Buenos Aires, Georgetown, La Paz/Sucre, Lima, Montevideo, Paramaribo, Paris Brasilien
79%
Asuncion, Brasilia, Buenos Aires, Lima, Santiago Bolivien
78%
Belgrad, Pristina, Sarajevo, Tirana, Zagreb Montenegro
78%
Athen, Belgrad, Pristina, Sofia, Tirana Nordmazedonien
78%
Bloemfontein/Kapstadt/Pretoria, Gaborone, Lusaka, Maputo Simbabwe
78%
Belgrad, Bratislava, Bukarest, Kiew, Ljubljana, Wien, Zagreb Ungarn
78%
Bogota, Lima Ecuador
77%
Bloemfontein/Kapstadt/Pretoria, Maputo Eswatini
77%
Amman, Ankara, Bagdad, Beirut, Jerusalem Syrien
77%
Guatemala-Stadt, Tegucigalpa El Salvador
76%
Brazzaville, Kinshasa, Lusaka, Windhoek Angola
75%
Guatemala-Stadt, Mexiko-Stadt Belize
75%
Accra, Bamako, Conakry, Monrovia, Ouagadougou Elfenbeinküste
75%
Ankara, Skopje, Sofia, Tirana, Griechenland
75%
Dhaka, Islamabad, Kathmandu, Naypyidaw, Peking, Thimphu Indien
75%
Algier, Bamako, Dakar, Rabat Mauretanien
75%
Bangkok, Dhaka, Neu-Delhi, Peking, Vientiane Myanmar
75%
Santo Domingo Haiti
73%
Conakry, Freetown, Yamoussoukro Liberia
71%
Ankara, Baku, Tiflis, Teheran Armenien
70%
Accra, Bamako, Cotonou/Porto-Novo, Niamey, Lome, Yamoussoukro Burkina Faso
70%
Guatemala-Stadt, Managua, San Salvador Honduras
70%
Abuja, Bangui, Brazzaville, Libreville, Malabo, N'Djamena, Kamerun
70%
Budapest, Kiew, Prague, Wien, Warschau Slowakei
70%
Abuja, Bangui, Khartum, Niamey, Tripolis, Yaounde Tschad
70%
Asgabat, Duschanbe, Islamabad, Peking, Taschkent, Teheran Afghanistan
69%
Kuala Lumpur Brunei
69%
Belgrad, Podgorica, Skopje, Tirana Kosovo
69%
Bucharest, Kiew Moldawien
69%
Bloemfontein/Kapstadt/Pretoria, Harare, Lusaka, Windhoek Botswana
67%
Dili, Kuala Lumpur, Port Moresby Indonesien
67%
Dodoma, Gitega, Juba, Kinshasa, Nairobi Uganda
67%
Brasilia, Caracas, Paramaribo Guyana
64%
Bloemfontein/Kapstadt/Pretoria Lesotho
64%
Bogota, Brasilia, La Paz/Sucre, Quito, Santiago Peru
64%
Jerusalem, Khartum, Tripolis Ägypten
63%
Asmara, Dschibuti, Juba, Khartum, Mogadischu, Nairobi Äthiopien
63%
Bagdad, Riad Kuwait
63%
Minsk, Moskau, Tallinn, Vilnius Lettland
63%
Abu Dhabi, Riad, Sanaa Oman
63%
Riad Katar
62%
Belmopan, Mexiko-Stadt, San Salvador, Tegucigalpa Guatemala
60%
Algier, Kairo, Khartum, N'Djamena, Niamey, Tunis Libyen
60%
Dodoma, Lusaka, Maputo Malawi
60%
Conakry, Monrovia Sierra Leone
60%
Bamako, Bissau, Dakar, Freetown, Monrovia, Yamoussoukro Guinea
58%
Addis Abeba, Dschibuti, Nairobi Somalia
58%
Addis Abeba, Dodoma, Juba, Kampala, Mogadischu Kenia
57%
Bloemfontein/Kapstadt/Pretoria, Gaborone, Luanda, Lusaka Namibia
57%
Cotonou/Porto-Novo, Jaunde, N'Djamena, Niamey Nigeria
57%
Gaborone, Harare, Maputo, Maseru, Mbabane, Windhoek Südafrika
56%
Brazzaville, Malabo, Jaounde Gabun
55%
Bamako, Banjul, Bissau, Conakry, Nouakchott Senegal
55%
Algier, Tripolis Tunesien
54%
Naypyidaw, Neu-Delhi Bangladesch
50%
Bangui, Kinshasa, Libreville, Luanda, Jaounde Republik Kongo
50%
Accra, Cotonou/Porto-Novo, Ouagadougou Togo
50%
Brazzaville, Juba, Khartum, Kinshasa, N'Djamena, Jaounde Zentralafrikanische Republik
50%
Bangui, Brazzaville, Dodoma, Gitega, Juba, Kampala, Kigali, Luanda, Lusaka Demokratische Republik Kongo
46%
Dodoma, Gaborone, Harare, Kinshasa, Lilongwe, Luanda, Maputo, Windhoek Sambia
46%
Bagdad, Jerusalem Libanon
45%
Addis Abeba, Bangui, Kampala, Khartum, Kinshasa, Nairobi Südsudan
45%
Gitega, Kampala, Kigali, Kinshasa, Lilongwe, Lusaka, Maputo, Nairobi Tansania
45%
Aschgabat, Astana, Bischkek, Duschanbe, Kabul Usbekistan
45%
Lome, Ouagadougou, Yamoussoukro Ghana
44%
Bangkok, Hanoi, Naypyidaw, Peking, Phnom Penh Laos
44%
Conakry, Dakar Guinea-Bissau
43%
Algier, Conakry, Dakar, Niamey, Nouakchott, Ouagadougou, Yamoussoukro Mali
43%
Libreville, Jaounde Äquatorial-Guinea
38%
Gitega, Kampala, Kigali, Kinshasa Ruanda
25%
Dodoma, Kigali, Kinshasa Burundi
14%
Keine übereinstimmenden Quizze gefunden
Verteilung der Resultate
Anzahl Personen mit jedem Resultat
Perzentil nach korrekt beantworteten Fragen
Ihre Resultats-Entwicklung
Sie haben dieses Quiz noch nicht gespielt